| 000 | 00655nam a2200229 a 4500 | ||
|---|---|---|---|
| 001 | BRL_796 | ||
| 005 | 20190320210913.0 | ||
| 008 | 071013s1989----nyud######---#000-0#eng-# | ||
| 020 | _a0679721843 | ||
| 041 | _aeng | ||
| 044 | _anyu | ||
| 050 | 4 |
_aBF1576 _b.K37 1989 |
|
| 100 | 1 |
_aKarlsen, Carol F. _d1940- _924976 |
|
| 245 | 1 | 0 |
_aThe Devil in the shape of a woman _bWhichcraft in Colonial New England _cCarol F. Karlsen. |
| 260 |
_aNew York _bVintage Books _c1989 |
||
| 300 |
_axvii, 360 p. _bil. _c21 cm. |
||
| 500 | _aAu943 | ||
| 504 | _aBibliografĂa: p. 265-342 | ||
| 650 | 1 | 4 |
_aBrujerĂa _zNueva Inglaterra _924977 |
| 902 | _aGRL | ||
| 942 |
_2lcc _cB |
||
| 999 |
_c9608 _d9608 |
||